| 000 | 00969nam a2200289Ia 4500 | ||
|---|---|---|---|
| 003 | GCL | ||
| 008 | 140319s9999 xx 000 0 ara d | ||
| 020 | _a3141270977 | ||
| 040 |
_aGCL / _cGCL |
||
| 082 | 0 | 4 |
_a257.1 _bط س |
| 100 | 1 | _aشوقى ضيف | |
| 245 | 1 | 0 |
_aسراج الملوك / _cشوقى ضيف |
| 700 | 1 | _aمحمد فتحى ابوبكر | |
| 700 | 1 | _aالطرطوشى ، ابو بكر محمد بن الوليد بن محمد | |
| 260 |
_aبيروت : _bالدار المصرية اللبنانية ، _c1994 |
||
| 300 |
_a2 مج ؛ _c24 سم |
||
| 490 | _a | ||
| 650 | 0 | 4 | _aالادب العربى |
| 650 | 0 | 4 | _aالاسلام |
| 650 | 0 | 4 | _aالدولة العباسية الثانية |
| 650 | 0 | 4 | _aالملوك والحكام |
| 650 | 0 | 4 | _aالوعظ والارشاد |
| 650 | 0 | 4 | _aالادب الاندلسى |
| 650 | 0 | 4 | _aالاسلام والسياسة |
| 650 | 0 | 4 | _aالاسلام، نظام الحكم فى |
| 942 |
_2ddc _cBK |
||
| 999 |
_c38015 _d38015 |
||